000 00500nam a2200169Ia 4500
008 220216s9999 xx 000 0 und d
100 _aWijewantha R T
245 0 _aInfluence of environment on incidence of Fomes lignosus in rubber replantations in Ceylon
260 _bRubber Research Institute of Ceylon Quarterly Journal
_c1964
300 _a56-63
650 _aCeylon
650 _aFomes lignosus
650 _aPlanting material
650 _aReplanting
650 _aRubber
942 _cJS
999 _c61221
_d61221